[Event "Bayern-ch Seniors op 27th"]
[Site "Bergen"]
[Date "2015.06.15"]
[Round "6"]
[White "Koenigl, Anton"]
[Black "Schoenfelder, Heinrich"]
[Result "1/2-1/2"]
[WhiteElo "1767"]
[BlackElo "1643"]
[PlyCount "184"]
[EventDate "2015.06.15"]
[EventType "swiss"]
[EventRounds "9"]
[EventCountry "GER"]
[SourceTitle "EXT 2019"]
[Source "ChessBase"]
[SourceDate "2018.10.10"]
[SourceVersion "1"]
[SourceVersionDate "2018.10.10"]
[SourceQuality "1"]

1. e4 c5 2. b3 d6 3. Nf3 Nc6 4. Bb2 Nf6 5. d3 e5 6. h3 h6 7. Be2 Nd4 8. Nxd4 cxd4 9. c3 dxc3 10. Bxc3 Be7 11. Nd2 Bd7 12. Nc4 b5 13. Ne3 Rc8 14. Qd2 Qc7 15. Bb4 Qb7 16. 0-0 0-0 17. Kh2 Rfe8 18. Bf3 Qb8 19. g3 Bf8 20. Bg2 a6 21. f3 Be6 22. f4 Nh7 23. f5 Bd7 24. h4 Be7 25. Nd5 Nf6 26. Nxe7+ Rxe7 27. Bf3 Rc6 28. Rac1 Re8 29. Rxc6 Bxc6 30. Rc1 Rc8 31. Kh3 Bd7 32. g4 Ne8 33. g5 hxg5 34. hxg5 Rxc1 35. Qxc1 Qc8 36. Qxc8 Bxc8 37. Kg3 f6 38. gxf6 gxf6 39. Bh5 Kf8 40. Bxe8 Kxe8 41. Bxd6 Kf7 42. Bb4 Bd7 43. Kf3 Kg7 44. Be7 Kf7 45. Bd8 Bc6 46. Ke3 Bb7 47. Kd2 Bc6 48. Kc3 Kg7 49. Kb4 Be8 50. Ka5 Bh5 51. Kxa6 Be2 52. Kxb5 Bxd3+ 53. Kc5 Bxe4 54. b4 Bxf5 55. a4 e4 56. b5 e3 57. Ba5 Bc2 58. b6 Be4 59. Kd4 Bb7 60. Kxe3 Kf7 61. Kd4 Ke6 62. Kc5 f5 63. Bd2 Kd7 64. Bf4 Ba6 65. Kd5 Bb7+ 66. Ke5 Kc6 67. Be3 Bc8 68. Bf2 Kb7 69. Kd6 f4 70. a5 Bh3 71. Ke5 f3 72. Kf4 Bg2 73. Ke3 Ka6 74. Be1 Kb7 75. Bf2 Ka6 76. Kd4 Kb7 77. Kc5 Bf1 78. Kd6 Be2 79. Ke5 Bf1 80. Ke4 Be2 81. Be1 Ka6 82. Ke3 Kb7 83. Kd4 Ka6 84. Ke5 Kb7 85. Kd5 Bd3 86. Bf2 Be2 87. Kd6 Bd3 88. Kd7 Bb5+ 89. Kd6 Bf1 90. Ke5 Ka6 91. Kf4 Be2 92. Be3 Kb7 1/2-1/2

[Event "Bayern-ch Seniors op 27th"]
[Site "Bergen"]
[Date "2015.06.15"]
[Round "4"]
[White "Reimann, Guenther"]
[Black "Schoenfelder, Heinrich"]
[Result "1/2-1/2"]
[WhiteElo "1803"]
[BlackElo "1643"]
[PlyCount "53"]
[EventDate "2015.06.15"]
[EventType "swiss"]
[EventRounds "9"]
[EventCountry "GER"]
[SourceTitle "EXT 2019"]
[Source "ChessBase"]
[SourceDate "2018.10.10"]
[SourceVersion "1"]
[SourceVersionDate "2018.10.10"]
[SourceQuality "1"]

1. c4 Nf6 2. Nf3 b6 3. g3 Bb7 4. Bg2 e6 5. d3 Bb4+ 6. Bd2 Bxd2+ 7. Nbxd2 d6 8. 0-0 0-0 9. b4 Nbd7 10. Re1 c5 11. b5 Qc7 12. a4 a5 13. Rc1 e5 14. Qc2 h6 15. e4 Rfe8 16. Nf1 Nf8 17. Ne3 Ne6 18. Nd5 Nxd5 19. exd5 Nd4 20. Nxd4 exd4 21. Qd2 Qd7 22. Re4 Rxe4 23. dxe4 Re8 24. f3 Bc8 25. h4 Qe7 26. Re1 Qf6 27. Qf4 1/2-1/2

[Event "Bayern-ch Seniors op 27th"]
[Site "Bergen"]
[Date "2015.06.15"]
[Round "5"]
[White "Schoenfelder, Heinrich"]
[Black "Kalkmann, Hans"]
[Result "1/2-1/2"]
[WhiteElo "1643"]
[BlackElo "1859"]
[PlyCount "70"]
[EventDate "2015.06.15"]
[EventType "swiss"]
[EventRounds "9"]
[EventCountry "GER"]
[SourceTitle "EXT 2019"]
[Source "ChessBase"]
[SourceDate "2018.10.10"]
[SourceVersion "1"]
[SourceVersionDate "2018.10.10"]
[SourceQuality "1"]

1. d4 d5 2. c4 c6 3. e3 Nf6 4. Nf3 e6 5. Nc3 Be7 6. Bd3 0-0 7. 0-0 Nbd7 8. cxd5 exd5 9. Re1 Re8 10. Qc2 g6 11. a3 Bf8 12. b4 a6 13. Bb2 Bg7 14. h3 Nf8 15. e4 Nxe4 16. Nxe4 dxe4 17. Bxe4 Be6 18. Rad1 Bd5 19. Bxd5 Qxd5 20. Rxe8 Rxe8 21. Bc1 Ne6 22. Bb2 Rd8 23. Qc1 a5 24. Qd2 axb4 25. axb4 Ra8 26. Ra1 Ra2 27. Rxa2 Qxa2 28. Qc1 Qb3 29. Bc3 Bh6 30. Qe1 Bg7 31. g3 Qd5 32. Qe3 h5 33. h4 Kh7 34. Ng5+ Nxg5 35. hxg5 Qd7 1/2-1/2

[Event "Bayern-ch Seniors op 27th"]
[Site "Bergen"]
[Date "2015.06.15"]
[Round "7"]
[White "Schoenfelder, Heinrich"]
[Black "Wittkugel, Friedhelm"]
[Result "0-1"]
[WhiteElo "1643"]
[BlackElo "1768"]
[PlyCount "150"]
[EventDate "2015.06.15"]
[EventType "swiss"]
[EventRounds "9"]
[EventCountry "GER"]
[SourceTitle "EXT 2019"]
[Source "ChessBase"]
[SourceDate "2018.10.10"]
[SourceVersion "1"]
[SourceVersionDate "2018.10.10"]
[SourceQuality "1"]

1. d4 d6 2. e4 c6 3. c4 g6 4. Nc3 Bg7 5. Nf3 Bg4 6. Be2 Nh6 7. Be3 f6 8. h3 Bd7 9. Qd2 Nf7 10. 0-0 g5 11. Nh2 h5 12. Qd1 Qc8 13. Bxh5 Bxh3 14. Bg4 Bxg4 15. Qxg4 Qxg4 16. Nxg4 Nd7 17. f3 e6 18. Rac1 f5 19. exf5 exf5 20. Nh2 0-0-0 21. Rfe1 Rh7 22. g3 Rdh8 23. Nf1 f4 24. gxf4 gxf4 25. Bxf4 Bxd4+ 26. Be3 Rg8+ 27. Kf2 Bxe3+ 28. Rxe3 Rhg7 29. b3 Rg2+ 30. Ke1 Nc5 31. f4 Kd7 32. b4 Ne6 33. Ne4 Rh8 34. Nf6+ Ke7 35. f5 Kxf6 36. fxe6 Ne5 37. a3 Kxe6 38. Rcc3 Rh1 39. Rh3 Rxh3 40. Rxh3 Nxc4 41. Rh7 Nxa3 42. Rxb7 Nb5 43. Ne3 Rb2 44. Rh7 Rxb4 45. Rh6+ Kf7 46. Nf5 Re4+ 47. Kd2 Re6 48. Rh3 Rf6 49. Nh6+ Ke6 50. Ng4 Rf4 51. Ne3 d5 52. Rh6+ Rf6 53. Rh8 Kd6 54. Rd8+ Kc5 55. Ng4 Re6 56. Ne3 a5 57. Ra8 Kb6 58. Kd3 Na7 59. Rb8+ Ka6 60. Rh8 Re4 61. Rd8 Nb5 62. Ra8+ Kb6 63. Rb8+ Kc5 64. Ra8 a4 65. Nc2 Rc4 66. Ne3 Rc3+ 67. Kd2 a3 68. Ra6 d4 69. Nc2 Rb3 70. Kc1 d3 71. Ne1 Nd4 72. Ra5+ Kb4 73. Ra6 Kc3 74. Ng2 Ne2+ 75. Kd1 Rb1# 0-1

[Event "Bayern-ch op Seniors 26th"]
[Site "Bergen"]
[Date "2014.06.27"]
[Round "7"]
[White "Steffl, Herbert"]
[Black "Schoenfelder, Heinrich"]
[Result "1/2-1/2"]
[WhiteElo "1512"]
[BlackElo "1692"]
[PlyCount "51"]
[EventDate "2014.06.21"]
[EventType "swiss"]
[EventRounds "7"]
[EventCountry "GER"]
[SourceTitle "EXT 2018"]
[Source "ChessBase"]
[SourceDate "2017.10.13"]
[SourceVersion "1"]
[SourceVersionDate "2017.10.13"]
[SourceQuality "1"]

1. Nf3 Nf6 2. d4 d5 3. c4 e6 4. Nc3 c6 5. Bg5 Be7 6. e3 Nbd7 7. cxd5 exd5 8. Bd3 h6 9. Bh4 0-0 10. 0-0 Ne4 11. Bxe7 Qxe7 12. Qc2 Ndf6 13. Nd2 Re8 14. Rae1 Nxd2 15. Qxd2 Ne4 16. Nxe4 dxe4 17. Be2 Be6 18. b3 Bd5 19. Rc1 Rac8 20. Bc4 Qd7 21. Qe2 b5 22. Bxd5 cxd5 23. Qd2 Rxc1 24. Rxc1 Rc8 25. Rc2 Rxc2 26. Qxc2 1/2-1/2

[Event "Bayern-ch op Seniors 26th"]
[Site "Bergen"]
[Date "2014.06.25"]
[Round "5"]
[White "Alefs, Willi"]
[Black "Schoenfelder, Heinrich"]
[Result "1-0"]
[WhiteElo "1533"]
[BlackElo "1692"]
[PlyCount "71"]
[EventDate "2014.06.21"]
[EventType "swiss"]
[EventRounds "7"]
[EventCountry "GER"]
[SourceTitle "EXT 2018"]
[Source "ChessBase"]
[SourceDate "2017.10.13"]
[SourceVersion "1"]
[SourceVersionDate "2017.10.13"]
[SourceQuality "1"]

1. c4 e5 2. b3 Nc6 3. Bb2 d6 4. g3 Nf6 5. Bg2 Be7 6. Nc3 0-0 7. e3 Be6 8. Nge2 Rb8 9. 0-0 d5 10. cxd5 Nxd5 11. a3 Bf6 12. Ne4 Be7 13. Rc1 f6 14. Nc5 Bxc5 15. Rxc5 Qd6 16. Qc2 Rfd8 17. b4 Rd7 18. f4 exf4 19. gxf4 Nce7 20. Nd4 Bf7 21. Rf3 c6 22. Qd3 Bg6 23. f5 Bf7 24. Qe4 Re8 25. Qg4 b6 26. Rg3 g5 27. fxg6 Bxg6 28. Rc4 Kf7 29. h4 f5 30. Qf3 Nf6 31. Rg5 Ne4 32. Nxf5 Nxf5 33. Rxf5+ Bxf5 34. Qxf5+ Nf6 35. Rxc6 Qxc6 36. Bxc6 1-0

[Event "Bayern-ch op Seniors 26th"]
[Site "Bergen"]
[Date "2014.06.25"]
[Round "6"]
[White "Schoenfelder, Heinrich"]
[Black "Siegl, Wolfgang"]
[Result "1/2-1/2"]
[WhiteElo "1692"]
[BlackElo "1522"]
[PlyCount "92"]
[EventDate "2014.06.21"]
[EventType "swiss"]
[EventRounds "7"]
[EventCountry "GER"]
[SourceTitle "EXT 2018"]
[Source "ChessBase"]
[SourceDate "2017.10.13"]
[SourceVersion "1"]
[SourceVersionDate "2017.10.13"]
[SourceQuality "1"]

1. d4 g6 2. e4 d6 3. Nf3 Bg7 4. c3 Nf6 5. Bd3 0-0 6. 0-0 Nbd7 7. h3 c6 8. Be3 e5 9. Nbd2 Re8 10. Qc2 Qc7 11. Rac1 Nb6 12. b3 Bd7 13. dxe5 dxe5 14. Rfd1 Rad8 15. Bg5 Qd6 16. Nf1 h6 17. Bh4 Qe7 18. c4 Bc8 19. Ne3 Nbd7 20. c5 g5 21. Bg3 Nh5 22. Nf5 Qf6 23. Nxg7 Kxg7 24. Bh2 Nf4 25. Bf1 Nxh3+ 26. gxh3 Qxf3 27. Bg2 Qh5 28. Qc3 f6 29. b4 Nf8 30. Rxd8 Rxd8 31. a3 Ne6 32. Re1 Nd4 33. Qd3 Be6 34. Kf1 Rd7 35. Qc3 Nb5 36. Qe3 Bc4+ 37. Kg1 Rd3 38. Qc1 Be6 39. Bf1 Rc3 40. Qb2 Bxh3 41. Bxb5 Qg4+ 42. Bg3 Rxg3+ 43. fxg3 cxb5 44. Qf2 Qd7 45. Re2 Qd1+ 46. Qe1 Qd4+ 1/2-1/2

[Event "Bayern-ch op Seniors 26th"]
[Site "Bergen"]
[Date "2014.06.21"]
[Round "1"]
[White "Schoenfelder, Heinrich"]
[Black "Jurgan, Brigitte"]
[Result "1-0"]
[WhiteElo "1692"]
[BlackElo "1225"]
[PlyCount "65"]
[EventDate "2014.06.21"]
[EventType "swiss"]
[EventRounds "7"]
[EventCountry "GER"]
[SourceTitle "EXT 2018"]
[Source "ChessBase"]
[SourceDate "2017.10.13"]
[SourceVersion "1"]
[SourceVersionDate "2017.10.13"]
[SourceQuality "1"]

1. d4 d5 2. c4 c6 3. e3 Nf6 4. Nc3 g6 5. Bd3 Bg7 6. Nf3 Bg4 7. h3 Bxf3 8. Qxf3 0-0 9. 0-0 Nbd7 10. cxd5 cxd5 11. Nxd5 Nxd5 12. Qxd5 Rb8 13. Qb3 e6 14. Bd2 a5 15. a4 b6 16. Rfd1 Nf6 17. Rac1 Nd5 18. e4 Ne7 19. Bf4 Rc8 20. Rxc8 Nxc8 21. d5 e5 22. Be3 Kh8 23. Ba6 f5 24. exf5 gxf5 25. Bxc8 Qxc8 26. Qxb6 Qd8 27. Qxd8 Rxd8 28. Bg5 Rc8 29. d6 h6 30. d7 Rf8 31. Be7 Rg8 32. d8Q f4 33. Qxa5 1-0

[Event "Bayern-ch Seniors 25th"]
[Site "Bergen"]
[Date "2013.06.22"]
[Round "9.18"]
[White "Schoenfelder, Heinrich"]
[Black "Steffl, Herbert"]
[Result "1-0"]
[WhiteElo "1739"]
[BlackElo "1516"]
[PlyCount "61"]
[EventDate "2013.06.15"]
[EventType "swiss"]
[EventRounds "9"]
[EventCountry "GER"]
[SourceTitle "EXT 2022"]
[Source "ChessBase"]
[SourceDate "2021.10.06"]
[SourceVersion "1"]
[SourceVersionDate "2021.10.06"]
[SourceQuality "1"]

1. d4 d5 2. c4 e6 3. Nc3 Nf6 4. Nf3 c5 5. e3 Nc6 6. cxd5 Nxd5 7. Bb5 Nxc3 8. bxc3 Bd7 9. Bd2 a6 10. Be2 cxd4 11. exd4 Be7 12. 0-0 0-0 13. Rb1 b5 14. a4 Na7 15. Ne5 Qc7 16. Nxd7 Qxd7 17. axb5 Nxb5 18. Qa4 Ra7 19. Bxb5 axb5 20. Qxb5 Qxb5 21. Rxb5 Ra2 22. Rd1 Rfa8 23. g3 h6 24. Rb3 Ra1 25. Rxa1 Rxa1+ 26. Kg2 Ra4 27. Rb8+ Kh7 28. Rb7 Ra2 29. Rxe7 Rxd2 30. Rxf7 Rd3 31. Rf3 1-0

[Event "Bayern-ch Seniors 24nd"]
[Site "Bergen"]
[Date "2012.06.24"]
[Round "9"]
[White "Ponnath, Klaus"]
[Black "Schoenfelder, Heinrich"]
[Result "1/2-1/2"]
[WhiteElo "1644"]
[BlackElo "1715"]
[PlyCount "48"]
[EventDate "2012.06.16"]
[EventType "swiss"]
[EventRounds "9"]
[EventCountry "GER"]
[SourceTitle "EXT 2015"]
[Source "ChessBase"]
[SourceDate "2014.11.20"]
[SourceVersion "1"]
[SourceVersionDate "2014.11.20"]
[SourceQuality "1"]

1. e4 c5 2. Nf3 e6 3. d3 Nc6 4. g3 g6 5. Bg2 Bg7 6. 0-0 Nge7 7. Nbd2 0-0 8. Re1 d6 9. c3 Rb8 10. a4 b6 11. Qe2 Bb7 12. Nf1 Re8 13. h3 Qd7 14. N1h2 d5 15. e5 h6 16. Ng4 Kh7 17. Bxh6 Ng8 18. Bxg7 Kxg7 19. Nfh2 Rf8 20. Qd2 Nce7 21. Qg5 Qd8 22. Nf6 Nh6 23. Nh5+ Kh7 24. Nf6+ Kg7 1/2-1/2

[Event "Bayern-ch Seniors 24nd"]
[Site "Bergen"]
[Date "2012.06.22"]
[Round "7"]
[White "Mueller, Roland2222"]
[Black "Schoenfelder, Heinrich"]
[Result "1-0"]
[WhiteElo "1615"]
[BlackElo "1715"]
[PlyCount "93"]
[EventDate "2012.06.16"]
[EventType "swiss"]
[EventRounds "9"]
[EventCountry "GER"]
[SourceTitle "EXT 2015"]
[Source "ChessBase"]
[SourceDate "2014.11.20"]
[SourceVersion "1"]
[SourceVersionDate "2014.11.20"]
[SourceQuality "1"]

1. b3 d5 2. e3 c5 3. Bb2 Nc6 4. f4 e6 5. Nf3 Nf6 6. Be2 Be7 7. 0-0 0-0 8. Ne5 Qc7 9. Nxc6 Qxc6 10. d3 b6 11. Nd2 Bb7 12. Bf3 Qc7 13. g4 Nd7 14. g5 Rfe8 15. h4 Bd6 16. Qe2 e5 17. Qg2 exf4 18. Bxd5 Bxd5 19. Qxd5 Rad8 20. Nc4 Ne5 21. Nxd6 Qxd6 22. Qxd6 Rxd6 23. exf4 Ng6 24. h5 Nh4 25. Be5 Rde6 26. Rae1 f6 27. gxf6 gxf6 28. Bc3 Rxe1 29. Bxe1 Rxe1 30. Rxe1 Nf3+ 31. Kf2 Nxe1 32. Kxe1 Kg7 33. Kf2 Kh6 34. Kg3 Kxh5 35. c3 f5 36. a3 a6 37. Kh3 b5 38. b4 cxb4 39. axb4 Kg6 40. Kh4 Kh6 41. c4 bxc4 42. dxc4 Kg6 43. c5 Kf6 44. Kh5 Ke6 45. Kg5 Kd5 46. Kxf5 a5 47. bxa5 1-0

[Event "Bad Wiessee Seniors op"]
[Site "Bad Wiessee"]
[Date "2012.04.27"]
[Round "7"]
[White "Winter, Bernd"]
[Black "Schoenfelder, Heinrich"]
[Result "1/2-1/2"]
[WhiteElo "1766"]
[BlackElo "1720"]
[PlyCount "101"]
[EventDate "2012.04.21"]
[EventType "swiss"]
[EventRounds "9"]
[EventCountry "GER"]
[SourceTitle "EXT 2015"]
[Source "ChessBase"]
[SourceDate "2014.11.20"]
[SourceVersion "1"]
[SourceVersionDate "2014.11.20"]
[SourceQuality "1"]

1. e4 c5 2. Nf3 e6 3. d4 cxd4 4. Nxd4 Nf6 5. Nc3 Nc6 6. Be2 Bb4 7. Nxc6 bxc6 8. 0-0 Bxc3 9. bxc3 Nxe4 10. Qd4 Nf6 11. Ba3 d5 12. Rad1 Rg8 13. Bf3 Ba6 14. Rfe1 Qc7 15. Be2 Bxe2 16. Rxe2 Rb8 17. c4 Rb7 18. c5 Ke7 19. c4 Rd8 20. Rde1 dxc4 21. Qxc4 Rd5 22. Bb2 Rb5 23. Be5 Qa5 24. Bd6+ Kd7 25. a3 Ne8 26. Qf4 Nxd6 27. cxd6 Rf5 28. Qh4 Kxd6 29. Qg3+ Rfe5 30. Rf1 g6 31. a4 Qxa4 32. Rxe5 Rxe5 33. Re1 Qa5 34. Rd1+ Ke7 35. f4 Qc5+ 36. Kh1 Rd5 37. Rb1 Rd7 38. Qh4+ Kd6 39. Qxh7 Kc7 40. Qh8 Qb5 41. Ra1 Qb8 42. Qg7 a5 43. h3 Qb4 44. Qe5+ Kb6 45. Qb8+ Rb7 46. Qd8+ Ka6 47. Qa8+ Kb6 48. Qd8+ Rc7 49. Qb8+ Rb7 50. Qd8+ Kb5 51. Qd3+ 1/2-1/2